000 00205 a2200109 4500
020 _a9780373218660
041 _aeng
100 _aNora Roberts
245 _aThe law is a Lady
942 _cBK
952 _74
999 _c16571
_d16571